Online katalóg knižníc regiónu Turca

Taliansko / (Record no. 20377)

MARC details
000 -LEADER
fixed length control field 00721nam a22002292 4500
001 - CONTROL NUMBER
control field 20377
003 - CONTROL NUMBER IDENTIFIER
control field CZ PrNK
005 - DATE AND TIME OF LATEST TRANSACTION
control field 20260121145833.0
008 - FIXED-LENGTH DATA ELEMENTS--GENERAL INFORMATION
fixed length control field 960508s1989 xo slo
020 ## - INTERNATIONAL STANDARD BOOK NUMBER
International Standard Book Number 8022600040
Qualifying information (váz.) :
Terms of availability 69 Kčs
040 ## - CATALOGING SOURCE
Original cataloging agency ABA001
Language of cataloging cze
Transcribing agency ABA001
Modifying agency ABA001
100 1# - MAIN ENTRY--PERSONAL NAME
Personal name Pažítka, Mikuláš,
Dates associated with a name 1918-
Relationship aut
245 10 - TITLE STATEMENT
Title Taliansko /
Statement of responsibility, etc. text Miluláš Pažítka ; [barevné] fotografie Juraj Bartoš a Pavol Janek
250 ## - EDITION STATEMENT
Edition statement 1. vyd.
260 ## - PUBLICATION, DISTRIBUTION, ETC.
Place of publication, distribution, etc. Bratislava :
Name of publisher, distributor, etc. ČSTK Pressfoto,
Date of publication, distribution, etc. 1989
300 ## - PHYSICAL DESCRIPTION
Extent 128 s. :
Other physical details fot. ;
Dimensions
500 ## - GENERAL NOTE
General note Ruské, anglické a německé souhrny
700 1# - ADDED ENTRY--PERSONAL NAME
Personal name Janek, Pavol
Relationship pht
700 1# - ADDED ENTRY--PERSONAL NAME
Personal name Bartoš, Juraj,
Dates associated with a name 1944-
Relationship pht
910 ## - USER-OPTION DATA (OCLC)
User-option data ABA001
942 ## - ADDED ENTRY ELEMENTS (KOHA)
Source of classification or shelving scheme Dewey Decimal Classification
Koha item type Odborná literatúra pre dospelých
Suppress in OPAC No
Holdings
Stav vyradenia Strata Poškodenie Spôsob nadobudnutia Domovská knižnica Aktuálna knižnica Dátum nadobudnutia Total checkouts Čiarový kód exemplára Date last seen Typ exemplára
      Dar Obecná knižnica Horná Štubňa Obecná knižnica Horná Štubňa 21.01.2026   4736200402 21.01.2026 Odborná literatúra pre dospelých
Projekt je podporený Slovenskou asociáciou knižníc
Prevádzkuje Turčianska knižnica Martin 2026